00513 2200193 4500001002100000005001500021035002000036245002800056100001900084250001200103300001700115700008200132260002900214082001000243084001600253020001800269990001600287990001600303INLIS00000000000212120191114120244 a0010-11190000751 aDanur /cRisa Saraswati0 aRisa Saraswati aCet1.-- a216 ;c13x190 aEditor: Syaiful Rustama; Proof Reader:Dewi Fita;Desainer Sampul: Gita Mariana aJakarta :bBukune,c2011 a808.6 a808.6 RIS d a602-220-019-9 a00000001848 a00000001848